000 00622nam a22001577a 4500
005 20120317134438.0
020 _a8185141452
_c00.00
035 _aB-88314
037 _aDPL
_bENG
100 _aSankaranarayanan, S.
_943886
245 _aVaisesika Catuhsutri :
_bA historical perspective /
_cby S. Sankaranarayanan
260 _aChennai
_bThe Adyar Library and Research Centre
_c2003
300 _av, 58p.
_c18 cms.
942 _2ddc
_cEN
_h181.45
_mSAN
999 _c64101
_d64101